[Event "SVK-chT5 1516"]
[Site "Slovakia"]
[Date "2015.10.24"]
[Round "1.5"]
[White "Stefko, Martin"]
[Black "Matula, Vojtech"]
[Result "1-0"]
[WhiteElo "1000"]
[BlackElo "1000"]
[PlyCount "25"]
[EventDate "2015.10.24"]
[EventType "team-tourn"]
[EventRounds "9"]
[EventCountry "SVK"]
[SourceTitle "CBM 170 Extra"]
[Source "ChessBase"]
[SourceDate "2016.02.25"]
[SourceVersion "1"]
[SourceVersionDate "2016.02.25"]
[SourceQuality "1"]
[WhiteTeam "Holic III"]
[BlackTeam "Holic II"]
[WhiteTeamCountry "SVK"]
[BlackTeamCountry "SVK"]

1. d4 Nc6 2. Nf3 d6 3. Nc3 e6 4. e4 Qf6 5. Bb5 a6 6. Ba4 e5 7. Bg5 Qe6 8. d5 Qd7 9. 0-0 b5 10. Bb3 a5 11. dxc6 Qxc6 12. Qd5 Bb7 13. Qxf7# 1-0